Vista normal Vista MARC

Entrada Nombre personal

Número de registros utilizados en: 3

001 - NÚMERO DE CONTROL

  • Campo de control: 16421

003 - IDENTIFICADOR DE NÚMERO DE CONTROL

  • Campo de control: OSt

005 - FECHA Y HORA DE LA ULTIMA MODIFICACION

  • Campo de control: 20150713112718.0

008 - ELEMENTOS DE DATOS DE LONGITUD FIJA

  • Campo de longitud fija: 140328|| aca||aabn | a|a d

040 ## - FUENTE DE LA CATALOGACIÓN

  • Agencia original de catalogación: OSt

100 10 - ENCABEZAMIENTO--NOMBRE DE PERSONA

  • Nombre personal: Rodríguez Azuero, Sergio

400 ## - TRAZADO VEÁSE--NOMBRE DE PERSONA

  • Nombre personal: Azuero, Sergio Rodríguez